|
|
|
|
| LEADER |
00834cam a2200241 7i4500 |
| 001 |
0000019096 |
| 005 |
20070403090000.0 |
| 090 |
0 |
0 |
|a PHOT 381.1
|b MAL [CD]
|
| 110 |
2 |
0 |
|a Malaysia External Trade Development Corporation[MATRADE]
|
| 245 |
2 |
0 |
|a Paperworld 2002 [26 - 30 January 2002].
|
| 300 |
# |
# |
|a 50 Photographs:
|b Col.;
|c 1CD-RW.
|
| 500 |
0 |
0 |
|a Photographs
|
| 650 |
0 |
0 |
|a Match making
|
| 650 |
0 |
0 |
|a MATRADE --
|x Photograph collection --
|x Trade Fair --
|x 2003
|
| 650 |
0 |
0 |
|a Ngee Huat PVC Files
|
| 650 |
0 |
0 |
|a PP Products
|
| 650 |
0 |
0 |
|a Sweet Tape Enterprise
|
| 650 |
0 |
0 |
|a Hai Chuan Printers Paper Products
|
| 650 |
0 |
0 |
|a Product --
|x Stationery
|
| 650 |
0 |
0 |
|a Lee & Sons Enterprise
|
| 650 |
0 |
0 |
|a Tan Eng Hong Paper & Stationery
|
| 650 |
0 |
0 |
|a Mega Art Marketing
|
| 999 |
|
|
|a PC00000151
|b Photographs
|c Photographs
|e Business Information Centre
|